ბათუმის შოთა რუსთაველის სახელმწიფო უნივერსიტეტის ბიბლიოთეკა

ერთტომეული : პოეზია, პროზა, თარგმანები სხვადასხვა ენებიდან (ბიბ.ჩანაწერი № 49660)

000 -LEADER
fixed length control field 00980nam a2200205Ia 4500
001 - CONTROL NUMBER
control field 16592
003 - CONTROL NUMBER IDENTIFIER
control field GE_BSU
008 - FIXED-LENGTH DATA ELEMENTS--GENERAL INFORMATION
fixed length control field 181216s||||||||xx |||||||||||||| ||und||
040 ## - CATALOGING SOURCE
Transcribing agency GE_BSU
080 ## - UNIVERSAL DECIMAL CLASSIFICATION NUMBER
Universal Decimal Classification number 821.353.1-1 + 821.353.1-3 + 821-1
100 ## - MAIN ENTRY--PERSONAL NAME
Personal name იაშვილი, პ.
245 ## - TITLE STATEMENT
Title ერთტომეული : პოეზია, პროზა, თარგმანები სხვადასხვა ენებიდან
245 ## - TITLE STATEMENT
Statement of responsibility, etc. ირ. აბაშიძის წინასიტყვ. რედ. ა. გომიაშვილი. მხ. ო.ჯიშკარიანი
260 ## - PUBLICATION, DISTRIBUTION, ETC.
Place of publication, distribution, etc. თბილისი
260 ## - PUBLICATION, DISTRIBUTION, ETC.
Name of publisher, distributor, etc. საბჭ. საქართველო
260 ## - PUBLICATION, DISTRIBUTION, ETC.
Date of publication, distribution, etc. 1965
300 ## - PHYSICAL DESCRIPTION
Extent 465გვ. : 1ფ. პორტრ. ; 22სმ.
653 ## - INDEX TERM--UNCONTROLLED
Uncontrolled term ერთტომეული : პოეზია, პროზა, თარგმანები სხვადასხვა ენებიდან
942 ## - ADDED ENTRY ELEMENTS (KOHA)
Koha item type წიგნი

არაა ხელმისაწვდომი ეგზემპლარები.